เมล็ดพันธุ์ประชาธิปไตย / (ระเบียนเลขที่ 105207)
| 000 -LEADER | |
|---|---|
| fixed length control field | 01107nam a22002297a 4500 |
| 003 - CONTROL NUMBER IDENTIFIER | |
| control field | NALT |
| 005 - DATE AND TIME OF LATEST TRANSACTION | |
| control field | 20240621101816.0 |
| 008 - FIXED-LENGTH DATA ELEMENTS--GENERAL INFORMATION | |
| fixed length control field | 240527b th ||||| |||| 00| 0 tha d |
| 040 ## - CATALOGING SOURCE | |
| Original cataloging agency | NALT |
| 050 ## - LIBRARY OF CONGRESS CALL NUMBER | |
| Classification number | JC 423 |
| Item number | ป661ม 2565 |
| 100 0# - MAIN ENTRY--PERSONAL NAME | |
| Personal name | ปุถุชน คนยอดแหลม |
| 9 (RLIN) | 63942 |
| 245 10 - TITLE STATEMENT | |
| Title | เมล็ดพันธุ์ประชาธิปไตย / |
| Statement of responsibility, etc. | เนื้อเรื่องโดย ปุถุชน คนยอดแหลม และคณะ. |
| 260 ## - PUBLICATION, DISTRIBUTION, ETC. | |
| Place of publication, distribution, etc. | ฉะเชิงเทรา : |
| Name of publisher, distributor, etc. | เอ็มเอ็น คอมพิวออฟเซท จำกัด, |
| Date of publication, distribution, etc. | 2565. |
| 300 ## - PHYSICAL DESCRIPTION | |
| Extent | 63 หน้า : |
| Other physical details | ภาพประกอบ ; |
| Dimensions | 21 ซม. |
| 650 #4 - SUBJECT ADDED ENTRY--TOPICAL TERM | |
| Topical term or geographic name entry element | ประชาธิปไตย |
| 9 (RLIN) | 2054 |
| 650 #4 - SUBJECT ADDED ENTRY--TOPICAL TERM | |
| Topical term or geographic name entry element | ประชาธิปไตย |
| General subdivision | การ์ตูน |
| 9 (RLIN) | 63945 |
| 942 ## - ADDED ENTRY ELEMENTS (KOHA) | |
| Koha item type | General Book |
| Source of classification or shelving scheme | Library of Congress Classification |
| 996 ## - STAFF PROCESSING RECORDS (NALT) | |
| Staff name | chunbijaya.r |
| Staff type | CATSTF |
| Acquisition or Cataloging date | 2024-05-27 |
| 996 ## - STAFF PROCESSING RECORDS (NALT) | |
| Staff name | saiphon.d |
| Staff type | CATSTF |
| Acquisition or Cataloging date | 2024-05-28 |
| 998 ## - STAFF NAME (NALT) | |
| -- | 111 |
| -- | นางสาวพจพิณ พรมเอี่ยม |
| Withdrawn status | Lost status | Source of classification or shelving scheme | Damaged status | Not for loan | Collection code | Home library | Current library | Shelving location | Date acquired | Total Checkouts | Total Renewals | Full call number | Barcode | Date last seen | Date last checked out | Price effective from | Koha item type |
|---|---|---|---|---|---|---|---|---|---|---|---|---|---|---|---|---|---|
| Library of Congress Classification | General Book collection | National Assembly Library of Thailand | National Assembly Library of Thailand | General Book shelves | 27/05/2024 | 1 | 1 | JC 423 ป661ม 2565 | 3961214036 | 02/07/2024 | 21/06/2024 | 27/05/2024 | General Book |
